000 00489nam a22001697a 4500
005 20251108164029.0
008 250721s1988 xx 000 0 ara d
082 1 4 _a210.46139/محم
100 1 _aأبو زهرة، محمد
245 1 0 _aتنظيم الأسرة و تنظيم النسل /
264 1 _aالقاهرة :
_bدار الفكر العربي،
_c1988.
300 _a112ص
650 1 7 _aالإسلام
650 1 7 _aتحديد النسل
942 _2ddc
_cBK
999 _c1844
_d1844